| 000 | 00705nam a2200253 a 4500 | ||
|---|---|---|---|
| 001 | 000013261 | ||
| 003 | DO-SdBNP | ||
| 005 | 20180221141024.0 | ||
| 007 | 000013261 | ||
| 008 | 091123s1999 dr a 000 j spa d | ||
| 020 | _a8493063851 | ||
| 040 |
_aBPMSU _bspa _cBPMSU |
||
| 092 |
_aRD863.44 _bV443r |
||
| 100 | 1 | _aVeloz Maggiolo, Marcio | |
| 245 | 1 | 0 |
_aRitos de cabaret / _cMarcio Veloz Maggiolo. |
| 260 |
_aSanto Domingo : _bCole, _c1999. |
||
| 300 |
_a154 p. ; _c20 cm. |
||
| 650 | 4 | _aNOVELA DOMINICANA | |
| 650 | 4 | _aLITERATURA DOMINICANO | |
| 910 | _aValidado. Control de calidad MFF | ||
| 942 |
_2ddc _cBK |
||
| 945 | _aInventariado / 2018VM | ||
| 956 |
_aVMATEO _b10 _c20150427 _lBPUMSU _h00151 |
||
| 999 |
_c7707 _d7707 |
||